[Event "Winnipeg op"]
[Site "Winnipeg"]
[Date "2019.07.30"]
[Round "8.1"]
[White "Wiebe, Isaac"]
[Black "Ma, Derek"]
[Result "0-1"]
[WhiteElo "2281"]
[BlackElo "2094"]
[PlyCount "122"]
[EventDate "2019.06.04"]
[EventType "swiss"]
[EventRounds "8"]
[EventCountry "CAN"]
[SourceTitle "EXT 2023"]
[Source "ChessBase"]
[SourceDate "2022.10.05"]
[SourceVersion "1"]
[SourceVersionDate "2022.10.05"]
[SourceQuality "1"]

1. Nf3 Nf6 2. g3 g6 3. b3 Bg7 4. Bb2 0-0 5. Bg2 d6 6. d4 Nbd7 7. 0-0 c6 8. c4 b6 9. Nc3 Bb7 10. Qc2 d5 11. Rfd1 Rc8 12. e4 dxe4 13. Nxe4 Nxe4 14. Qxe4 Nf6 15. Qe2 e6 16. Ne5 Qe7 17. Rd3 Rfd8 18. Rad1 Ne8 19. f4 Nd6 20. Re1 b5 21. c5 Ne8 22. b4 Nf6 23. Ra3 a6 24. Re3 Nd5 25. Bxd5 Rxd5 26. Bc3 Rcd8 27. a3 Qc7 28. Kg2 Bc8 29. h4 Bd7 30. h5 Be8 31. hxg6 hxg6 32. Rh1 Qe7 33. Qg4 Qf6 34. Ree1 Ra8 35. Ra1 Rdd8 36. Rh4 Rdc8 37. Qh3 Qd8 38. Qg4 Qd5+ 39. Qf3 Qb3 40. Qd3 Rd8 41. Rhh1 f6 42. Nf3 e5 43. fxe5 fxe5 44. Rhb1 Qd5 45. Re1 exd4 46. Bb2 Bd7 47. Qxg6 Rf8 48. Qe4 Qb3 49. Bxd4 Rae8 50. Ne5 Bf5 51. Qe3 Qd5+ 52. Kg1 Bh3 53. Qe4 Qe6 54. Qxc6 Qf5 55. Qd5+ Kh8 56. Qe4 Bxe5 57. Bxe5+ Kg8 58. Qd5+ Kh7 59. Qe4 Rxe5 60. Qxe5 Qf2+ 61. Kh1 Qg2# 0-1

[Event "Winnipeg op"]
[Site "Winnipeg"]
[Date "2019.07.23"]
[Round "7.2"]
[White "Ma, Derek"]
[Black "Baron, Gustav L"]
[Result "1-0"]
[WhiteElo "2094"]
[BlackElo "2204"]
[PlyCount "43"]
[EventDate "2019.06.04"]
[EventType "swiss"]
[EventRounds "8"]
[EventCountry "CAN"]
[SourceTitle "EXT 2023"]
[Source "ChessBase"]
[SourceDate "2022.10.05"]
[SourceVersion "1"]
[SourceVersionDate "2022.10.05"]
[SourceQuality "1"]

1. e4 c5 2. Nf3 d6 3. d4 cxd4 4. Nxd4 Nf6 5. Nc3 g6 6. Be3 Bg7 7. f3 0-0 8. Qd2 Nc6 9. 0-0-0 Bd7 10. g4 Rc8 11. h4 h5 12. Nxc6 Bxc6 13. gxh5 Nxh5 14. Bd4 Qa5 15. Bh3 Rc7 16. Bxg7 Kxg7 17. Rdg1 b5 18. Rg5 f6 19. Rxh5 gxh5 20. Be6 Rh8 21. Rg1+ Kf8 22. Qh6+ 1-0

[Event "Canadian op"]
[Site "Regina"]
[Date "2019.07.14"]
[Round "4"]
[White "Wiebe, Isaac"]
[Black "Ma, Derek"]
[Result "1/2-1/2"]
[WhiteElo "2062"]
[BlackElo "1925"]
[PlyCount "39"]
[EventDate "2019.07.12"]
[EventType "swiss"]
[EventRounds "9"]
[EventCountry "CAN"]
[SourceTitle "EXT 2020"]
[Source "ChessBase"]
[SourceDate "2019.10.17"]
[SourceVersion "1"]
[SourceVersionDate "2019.10.17"]
[SourceQuality "1"]

1. d4 Nf6 2. Nc3 d5 3. Bf4 g6 4. e3 Bg7 5. h4 h5 6. Nf3 0-0 7. Be2 c5 8. Nb5 cxd4 9. exd4 Nc6 10. Nc7 e5 11. dxe5 Qxc7 12. exf6 Qxf4 13. fxg7 Kxg7 14. Qd2 Qxd2+ 15. Kxd2 Bg4 16. Rhe1 d4 17. Ng5 Bf5 18. a3 f6 19. Nf3 Be4 20. Bd3 1/2-1/2

[Event "Winnipeg op"]
[Site "Winnipeg"]
[Date "2018.06.19"]
[Round "3"]
[White "Baron, Gustav L"]
[Black "Ma, Derek"]
[Result "1-0"]
[WhiteElo "2250"]
[BlackElo "1961"]
[PlyCount "141"]
[EventDate "2018.06.05"]
[EventType "swiss"]
[EventRounds "8"]
[EventCountry "CAN"]
[SourceTitle "EXT 2022"]
[Source "ChessBase"]
[SourceDate "2021.10.06"]
[SourceVersion "1"]
[SourceVersionDate "2021.10.06"]
[SourceQuality "1"]

1. d4 Nf6 2. Nf3 c6 3. c4 d5 4. Nc3 e6 5. e3 Nbd7 6. Bd3 dxc4 7. Bxc4 b5 8. Bd3 a6 9. 0-0 Bd6 10. e4 e5 11. Bg5 0-0 12. Ne2 h6 13. Bh4 exd4 14. Nexd4 c5 15. Nf5 Ne5 16. Bc2 Bxf5 17. exf5 Nxf3+ 18. Qxf3 Qc7 19. Bxf6 gxf6 20. Qh5 Kh7 21. Rad1 Rg8 22. Rd3 Rg5 23. Qh4 Qc6 24. g3 c4 25. Rd4 Bc5 26. Be4 Qe8 27. Bxa8 Bxd4 28. Qxd4 Qxa8 29. Qxf6 Qd5 30. Qxa6 Rxf5 31. Qb6 Qd2 32. Qe3 Qxb2 33. Qe4 Qe5 34. Qc2 Kg7 35. a4 bxa4 36. Qxa4 Qc5 37. Qc2 c3 38. Rc1 Rf3 39. Qe2 Qd5 40. Rd1 Qc6 41. Qe5+ Rf6 42. Rc1 Qf3 43. Qd4 Kg6 44. Rxc3 Qe2 45. Rc8 Qf3 46. h4 Re6 47. Qc3 Qxc3 48. Rxc3 f5 49. Kg2 Re4 50. Kf3 Ra4 51. Rc6+ Kg7 52. h5 Ra3+ 53. Kf4 Ra2 54. Kf3 Ra3+ 55. Kg2 Rb3 56. Rg6+ Kh7 57. Rf6 Rb5 58. Kf3 Rb3+ 59. Kf4 Rb2 60. f3 Rb4+ 61. Kxf5 Rb5+ 62. Kg4 Rg5+ 63. Kh4 Kg7 64. Ra6 Rf5 65. f4 Rb5 66. Ra7+ Kg8 67. Kg4 Kh8 68. Re7 Rb6 69. Kf5 Kg8 70. Re6 Rb5+ 71. Kg6 1-0

[Event "Winnipeg op"]
[Site "Winnipeg"]
[Date "2018.06.12"]
[Round "2"]
[White "Ma, Derek"]
[Black "Letain, Cory"]
[Result "1-0"]
[WhiteElo "1961"]
[BlackElo "1733"]
[PlyCount "49"]
[EventDate "2018.06.05"]
[EventType "swiss"]
[EventRounds "8"]
[EventCountry "CAN"]
[SourceTitle "EXT 2022"]
[Source "ChessBase"]
[SourceDate "2021.10.06"]
[SourceVersion "1"]
[SourceVersionDate "2021.10.06"]
[SourceQuality "1"]

1. e4 e5 2. Bc4 Nf6 3. d3 Be7 4. Nf3 Nc6 5. 0-0 0-0 6. Re1 d5 7. exd5 Nxd5 8. Nxe5 Nxe5 9. Rxe5 Be6 10. Qe2 Qd7 11. Bxd5 Bxd5 12. Rxe7 Rfe8 13. Rxd7 Rxe2 14. Kf1 Rxc2 15. Nc3 c6 16. Nxd5 cxd5 17. Rxd5 Rac8 18. Be3 Rxb2 19. Rc5 Rd8 20. Rac1 h6 21. Rc8 Rxc8 22. Rxc8+ Kh7 23. Rc7 a6 24. Bd4 Rb4 25. Bc3 1-0

[Event "Winnipeg op"]
[Site "Winnipeg"]
[Date "2015.07.14"]
[Round "7"]
[White "Le Dorze, Philippe"]
[Black "Ma, Derek"]
[Result "1/2-1/2"]
[WhiteElo "1785"]
[BlackElo "1924"]
[PlyCount "56"]
[EventDate "2015.06.02"]
[EventType "swiss"]
[EventRounds "9"]
[EventCountry "CAN"]
[SourceTitle "EXT 2019"]
[Source "ChessBase"]
[SourceDate "2018.10.10"]
[SourceVersion "1"]
[SourceVersionDate "2018.10.10"]
[SourceQuality "1"]

1. d4 Nf6 2. c4 c5 3. d5 b5 4. Nc3 b4 5. Na4 d6 6. b3 g6 7. Bb2 Bg7 8. f3 Bd7 9. e4 Bxa4 10. bxa4 0-0 11. a3 Qb6 12. Rb1 a5 13. Bd3 Nbd7 14. f4 Nh5 15. Bxg7 Nxg7 16. Nf3 f6 17. 0-0 Qa6 18. Qe2 Nb6 19. e5 Nxa4 20. Qc2 Nc3 21. Ra1 Qc8 22. axb4 axb4 23. e6 f5 24. Ng5 Qb7 25. Nf7 Ra6 26. Nh6+ Kh8 27. Nf7+ Kg8 28. Nh6+ Kh8 1/2-1/2

[Event "Winnipeg op"]
[Site "Winnipeg"]
[Date "2015.06.09"]
[Round "2"]
[White "Wiebe, Isaac"]
[Black "Ma, Derek"]
[Result "1-0"]
[WhiteElo "2037"]
[BlackElo "1924"]
[PlyCount "39"]
[EventDate "2015.06.02"]
[EventType "swiss"]
[EventRounds "9"]
[EventCountry "CAN"]
[SourceTitle "EXT 2019"]
[Source "ChessBase"]
[SourceDate "2018.10.10"]
[SourceVersion "1"]
[SourceVersionDate "2018.10.10"]
[SourceQuality "1"]

1. e4 c5 2. Nf3 d6 3. d4 cxd4 4. Nxd4 Nf6 5. Nc3 a6 6. Bg5 e6 7. f4 Qb6 8. Qd2 Qxb2 9. Rb1 Qa3 10. e5 dxe5 11. fxe5 Nfd7 12. Bd3 Bb4 13. Rb3 Qa5 14. 0-0 0-0 15. Bf6 Bxc3 16. Rxc3 Nxf6 17. exf6 Qe5 18. Bxh7+ Kh8 19. Rh3 Rd8 20. fxg7+ 1-0

[Event "Winnipeg op"]
[Site "Winnipeg"]
[Date "2014.06.10"]
[Round "2"]
[White "Green, Jim"]
[Black "Ma, Derek"]
[Result "1-0"]
[WhiteElo "1826"]
[BlackElo "1785"]
[PlyCount "53"]
[EventDate "2014.06.03"]
[EventType "swiss"]
[EventRounds "8"]
[EventCountry "CAN"]
[SourceTitle "EXT 2019"]
[Source "ChessBase"]
[SourceDate "2018.10.10"]
[SourceVersion "1"]
[SourceVersionDate "2018.10.10"]
[SourceQuality "1"]

1. e4 c5 2. Nf3 d6 3. Bb5+ Nd7 4. 0-0 Ngf6 5. Re1 a6 6. Bxd7+ Bxd7 7. e5 dxe5 8. Nxe5 e6 9. d3 Be7 10. Nc3 0-0 11. Bg5 Ne8 12. Bxe7 Qxe7 13. Ne4 Bc6 14. Nxc6 bxc6 15. Qf3 Rb8 16. b3 Nc7 17. Qe3 Nd5 18. Qxc5 Qc7 19. Qd6 Qb6 20. a3 Rfd8 21. Qg3 Qd4 22. Rec1 Ne7 23. Qe3 Qd5 24. Qc5 Qd7 25. Qg5 Ng6 26. a4 f6 27. Qg3 1-0

[Event "Winnipeg TNT July op"]
[Site "Winnipeg"]
[Date "2013.07.30"]
[Round "5"]
[White "Towns, Barry"]
[Black "Ma, Derek"]
[Result "0-1"]
[WhiteElo "1721"]
[BlackElo "1738"]
[PlyCount "87"]
[EventDate "2013.07.02"]
[EventType "swiss"]
[EventRounds "5"]
[EventCountry "CAN"]
[SourceTitle "EXT 2022"]
[Source "ChessBase"]
[SourceDate "2021.10.06"]
[SourceVersion "1"]
[SourceVersionDate "2021.10.06"]
[SourceQuality "1"]

1. b4 e5 2. Bb2 d6 3. Nf3 Nf6 4. e3 Bf5 5. Nh4 Be6 6. Be2 Qd7 7. 0-0 Be7 8. f4 exf4 9. exf4 Qc6 10. a4 Qb6+ 11. d4 Qxb4 12. Ba3 Qxa4 13. Nc3 Qd7 14. f5 Bd5 15. Rb1 c6 16. Nxd5 Nxd5 17. f6 Nc3 18. Bg4 Nxd1 19. Bxd7+ Nxd7 20. Re1 gxf6 21. Nf5 Ne5 22. Rbxd1 c5 23. Nxe7 Kxe7 24. dxe5 fxe5 25. Bb2 a6 26. c4 Rhg8 27. Re4 a5 28. Ba3 b6 29. Rf1 Rg6 30. Rf3 Rag8 31. g3 Rg4 32. Rfe3 f5 33. Rxg4 Rxg4 34. Rc3 Rd4 35. Bc1 f4 36. Kg2 Ke6 37. g4 Kf6 38. h4 h6 39. Kf3 Rd1 40. Rc2 Rd3+ 41. Kg2 Rg3+ 42. Kh2 Rxg4 43. Kh3 Rg3+ 44. Kh2 0-1

[Event "Winnipeg TNT September op"]
[Site "Winnipeg"]
[Date "2012.09.04"]
[Round "1"]
[White "Ma, Derek"]
[Black "Melamedoff, Gustavo"]
[Result "0-1"]
[WhiteElo "1723"]
[BlackElo "2112"]
[PlyCount "54"]
[EventDate "2012.09.04"]
[EventType "swiss"]
[EventRounds "4"]
[EventCountry "CAN"]
[SourceTitle "EXT 2022"]
[Source "ChessBase"]
[SourceDate "2021.10.06"]
[SourceVersion "1"]
[SourceVersionDate "2021.10.06"]
[SourceQuality "1"]

1. e4 c5 2. Nf3 e6 3. d4 cxd4 4. Nxd4 a6 5. Nc3 Qc7 6. Be2 Nc6 7. Be3 Nf6 8. Qd2 Bb4 9. Bf3 Ne5 10. Nde2 Nc4 11. Qc1 Nxe3 12. Qxe3 Bc5 13. Qg5 Kf8 14. e5 h6 15. Qf4 Ne8 16. 0-0 d5 17. a3 g5 18. Qg3 Ng7 19. Bg4 h5 20. Bxe6 Bxe6 21. Qxg5 Qe7 22. Qd2 Rd8 23. Kh1 Nf5 24. Rad1 Bb6 25. Nf4 Bd4 26. Nd3 Rg8 27. f4 Ne3 0-1

[Event "Winnipeg TNT August op"]
[Site "Winnipeg"]
[Date "2012.08.07"]
[Round "1"]
[White "Ma, Derek"]
[Black "Kaptsan, Aron"]
[Result "0-1"]
[WhiteElo "1724"]
[BlackElo "2050"]
[PlyCount "86"]
[EventDate "2012.08.07"]
[EventType "swiss"]
[EventRounds "4"]
[EventCountry "CAN"]
[SourceTitle "EXT 2022"]
[Source "ChessBase"]
[SourceDate "2021.10.06"]
[SourceVersion "1"]
[SourceVersionDate "2021.10.06"]
[SourceQuality "1"]

1. e4 e5 2. f4 exf4 3. Bc4 Qh4+ 4. Kf1 Nc6 5. Nf3 Qh5 6. Nc3 d6 7. d4 Bg4 8. Kf2 g5 9. Bb5 0-0-0 10. Bxc6 bxc6 11. Qd3 Bxf3 12. gxf3 Bg7 13. Bd2 Ne7 14. Ne2 Qh4+ 15. Kg2 g4 16. Bxf4 gxf3+ 17. Qxf3 Ng6 18. Bg3 Qe7 19. Nc3 Bxd4 20. Rad1 Be5 21. Qd3 Nf4+ 22. Bxf4 Bxf4 23. Qa6+ Kd7 24. Qxa7 Rhg8+ 25. Kf3 Qf6 26. Ke2 Rg2+ 27. Kd3 Qh4 28. Rdf1 Qh3+ 29. Kc4 Qe6+ 30. Kd3 Be5 31. Rf3 Rgg8 32. Rhf1 f6 33. h3 Rb8 34. Na4 Rb4 35. Kd2 Qc4 36. b3 Qxe4 37. Kc1 Rg2 38. Rd3 Bd4 39. Qa5 Rb5 40. Qe1 Re2 41. Qg3 Rg5 42. Rf4 Rxg3 43. Rxe4 Rg1+ 0-1

[Event "Winnipeg Yanofsky Memorial U1800"]
[Site "Winnipeg"]
[Date "2012.07.29"]
[Round "4"]
[White "Ma, Derek"]
[Black "Gannon, Keith"]
[Result "1-0"]
[WhiteElo "1682"]
[BlackElo "1602"]
[PlyCount "43"]
[EventDate "2012.07.27"]
[EventType "swiss"]
[EventRounds "5"]
[EventCountry "CAN"]
[SourceTitle "EXT 2022"]
[Source "ChessBase"]
[SourceDate "2021.10.06"]
[SourceVersion "1"]
[SourceVersionDate "2021.10.06"]
[SourceQuality "1"]

1. e4 e5 2. Nf3 d6 3. d4 exd4 4. Nxd4 Nf6 5. Nc3 Be7 6. Be2 0-0 7. 0-0 a6 8. f4 Bd7 9. f5 Nc6 10. Nb3 Ne5 11. Bd3 Bc6 12. Nd4 d5 13. Nxc6 bxc6 14. Bf4 Bc5+ 15. Kh1 Nxd3 16. cxd3 dxe4 17. dxe4 Qxd1 18. Raxd1 Ng4 19. Rd2 Be3 20. Bxe3 Nxe3 21. Rf3 Nc4 22. Rdf2 1-0

[Event "Winnipeg TNT June op"]
[Site "Winnipeg"]
[Date "2012.06.19"]
[Round "3.4"]
[White "Ma, Derek"]
[Black "Avena, Danilo"]
[Result "1-0"]
[WhiteElo "1599"]
[BlackElo "1756"]
[PlyCount "69"]
[EventDate "2012.06.05"]
[EventType "swiss"]
[EventRounds "4"]
[EventCountry "CAN"]
[SourceTitle "EXT 2022"]
[Source "ChessBase"]
[SourceDate "2021.10.06"]
[SourceVersion "1"]
[SourceVersionDate "2021.10.06"]
[SourceQuality "1"]

1. e4 c5 2. Nf3 d6 3. d4 cxd4 4. Nxd4 a6 5. Nc3 Nf6 6. Bg5 e6 7. f4 Be7 8. Qf3 Qc7 9. 0-0-0 Nc6 10. Nb3 0-0 11. Qg3 Kh8 12. Bd3 e5 13. f5 b5 14. Bxf6 Bxf6 15. Nd5 Qd8 16. h4 Rg8 17. Nxf6 Qxf6 18. Qg5 Bb7 19. g4 Rac8 20. a3 b4 21. Rdg1 bxa3 22. bxa3 a5 23. Qxf6 gxf6 24. g5 a4 25. Nd2 Kg7 26. Nc4 Rgd8 27. h5 fxg5 28. Rxg5+ Kf6 29. Rhg1 Nd4 30. Nb6 Nf3 31. Ba6 Bxe4 32. Bxc8 Nxg5 33. Bd7 Nf3 34. Rg4 Bxf5 35. Nd5# 1-0